| 000 | 00468nam a22001575i 4500 | ||
|---|---|---|---|
| 001 | 153830 | ||
| 003 | ES-MaACL | ||
| 005 | 20230912063110.0 | ||
| 008 | 160216s1902 sp |||| | spa d | ||
| 100 | 1 |
_aCánovas y Vallejo, José _934611 |
|
| 245 | 1 | 3 |
_aEl compañero de viaje _b: cuentos / _cJosé Cánovas y Vallejo. |
| 260 |
_aMadrid : _bAntonio Marzo, _c1902. |
||
| 300 |
_a211 p. ; _c20 cm. |
||
| 852 |
_aES-MaACL _jG-12298 |
||
| 999 |
_c153830 _d153830 |
||